Flags of the Countries of Europe in 1848 - Statistics

General Stats
  • This quiz has been taken 248 times
  • The average score is 27 of 54
Answer Stats
Picture Answer % Correct
Netherlands
100%
Denmark
99%
Russian Empire
99%
United Kingdom
99%
Luxembourg
98%
Norway
98%
Sweden
98%
Belgium
97%
Ottoman Empire
97%
Spain
97%
Switzerland
97%
Papal States
94%
Portugal
93%
San Marino
93%
Monaco
92%
France
91%
Greece
90%
Prussia
88%
Austrian Empire
81%
Bavaria
56%
Hanover
53%
Sardinia
53%
Two Sicilies
53%
Saxony
50%
San Marco
41%
Tuscany
41%
Württemberg
41%
Hamburg
40%
Baden
36%
Hesse
32%
Bremen
31%
Mecklenburg
27%
Nassau
27%
Holstein
25%
Frankfurt
24%
Montenegro
24%
Oldenburg
24%
Circassia
22%
Liechtenstein | Lippe
19%
Modena
19%
Brunswick
18%
Parma
18%
Andorra
15%
Saxe-Coburg and Gotha
14%
Lübeck
13%
Reuss-Gera
11%
Reuss-Greiz
11%
Anhalt
10%
Saxe-Altenburg
10%
Saxe-Meiningen
10%
Saxe-Weimar-Eisenach
10%
Schaumburg-Lippe
9%
Caucasian Imamate
7%
Schwarzburg-Rudolstadt
7%
No matching quizzes found
Score Distribution
Percent of People with Each Score
Percentile by Number Answered
Your Score History
You have not taken this quiz